E-learning v modeli strategického učenia sa a jeho prínos pre vzdelávanie predmetu tovaroznalectvo

Rozširovanie využívania informačno-komunikačných technológií vo vyučovacom procese, ktoré je predpokladom pre ďalšie rozširovanie e-learningovej formy vzdelávania v predmete Tovaroznalectvo na vysokých a stredných školách.

Saved in:
Bibliographic Details
Main Author: Jurkovičová, Lujza
Other Authors: Knošková, Ľubica, 1965-
Format: Book Chapter
Language:Slovak
Subjects:
Tags: Add Tag
No Tags, Be the first to tag this record!

MARC

LEADER 00000nla$a2200000$$$4500
001 0145454
005 20240530102934.2
041 0 |a slo 
044 |a SK 
245 1 0 |a E-learning v modeli strategického učenia sa a jeho prínos pre vzdelávanie predmetu tovaroznalectvo  |c Lujza Jurkovičová, Ľubica Knošková 
520 |a Rozširovanie využívania informačno-komunikačných technológií vo vyučovacom procese, ktoré je predpokladom pre ďalšie rozširovanie e-learningovej formy vzdelávania v predmete Tovaroznalectvo na vysokých a stredných školách. 
610 2 0 |a školy vysoké 
610 2 0 |a školy stredné 
610 2 0 |a vyučovanie 
610 2 0 |a predmety učebné 
610 2 0 |a tovaroznalectvo 
610 2 0 |a vzdelávanie elektronické 
610 2 0 |a gramotnosť informačná 
610 2 0 |a technológie informačné 
610 2 0 |a technológie komunikačné 
100 1 |a Jurkovičová, Lujza 
700 1 |a Knošková, Ľubica, 1965-